[Event "TCh-FRA Top 16 GpB"]
[Site "Chalons en Champagne"]
[Date "2007.02.11"]
[Round "3"]
[White "Fressinet, Laurent"]
[Black "Tiviakov, Sergei"]
[Result "1/2-1/2"]
[WhiteElo "2646"]
[BlackElo "2667"]
[PlyCount "70"]
[EventDate "2007.02.09"]
[EventType "team"]
[EventRounds "11"]
[EventCountry "FRA"]
[Source "Mark Crowther"]
[SourceDate "2007.02.12"]

1. e4 c5 2. Nf3 Nc6 3. Bb5 d6 4. O-O Bd7 5. Re1 Nf6 6. c3 a6 7. Bf1 Bg4 8. d4
cxd4 9. cxd4 d5 10. e5 Ng8 11. e6 Bxe6 12. Rxe6 fxe6 13. Nc3 g6 14. g3 Bh6 15.
Bh3 Qd6 16. Na4 Bxc1 17. Qxc1 Nf6 18. Nc5 Nd8 19. Ne5 O-O 20. Qe3 b6 21. Ncd3
Nh5 22. Rc1 Ng7 23. g4 a5 24. Bf1 Nf7 25. Nxf7 Rxf7 26. Ne5 Raf8 27. Rc6 Qb4
28. Nxf7 Kxf7 29. b3 a4 30. bxa4 Qxa4 31. Rxb6 Qxa2 32. Qf4+ Kg8 33. Rb8 Rxb8
34. Qxb8+ Kf7 35. Qf4+ Kg8 1/2-1/2

[Event "TCh-FRA Top 16 GpB"]
[Site "Chalons en Champagne"]
[Date "2007.02.11"]
[Round "3"]
[White "Apicella, Manuel"]
[Black "Bauer, Christian"]
[Result "1/2-1/2"]
[WhiteElo "2534"]
[BlackElo "2609"]
[PlyCount "95"]
[EventDate "2007.02.09"]
[EventType "team"]
[EventRounds "11"]
[EventCountry "FRA"]
[Source "Mark Crowther"]
[SourceDate "2007.02.12"]

1. e4 c5 2. Nf3 b6 3. d4 cxd4 4. Nxd4 Bb7 5. Nc3 a6 6. Be2 e6 7. O-O Qc7 8. f4
Bc5 9. Kh1 Ne7 10. Bf3 O-O 11. Nb3 d6 12. Nxc5 dxc5 13. Ne2 Nbc6 14. c3 Rad8
15. Qc2 f5 16. Be3 Na5 17. b3 fxe4 18. Bxe4 Nf5 19. Bf2 Bxe4 20. Qxe4 Qc6 21.
Qxc6 Nxc6 22. Rad1 h5 23. g3 Nd6 24. Kg2 Ne4 25. Be3 Rd5 26. c4 Rdd8 27. h3 Nb4
28. a3 Nc2 29. Bc1 b5 30. cxb5 axb5 31. Kf3 Ng5+ 32. Kg2 Ne4 33. Kf3 Nf6 34.
Be3 Nxe3 35. Kxe3 Nd5+ 36. Ke4 Ra8 37. Ra1 Rf5 38. a4 Nf6+ 39. Ke3 Nd5+ 40. Ke4
Ra5 41. Rfc1 Nf6+ 42. Ke3 b4 43. Rc4 Kf7 44. Nc1 Nd5+ 45. Kf3 Nb6 46. Rc2 Rd5
47. Ke2 g5 48. Nd3 1/2-1/2

[Event "TCh-FRA Top 16 GpB"]
[Site "Chalons en Champagne"]
[Date "2007.02.11"]
[Round "3"]
[White "Korneev, Oleg"]
[Black "Bunzmann, Dimitrij"]
[Result "1/2-1/2"]
[WhiteElo "2606"]
[BlackElo "2530"]
[PlyCount "53"]
[EventDate "2007.02.09"]
[EventType "team"]
[EventRounds "11"]
[EventCountry "FRA"]
[Source "Mark Crowther"]
[SourceDate "2007.02.19"]

1. e4 e6 2. d4 d5 3. Nd2 Nf6 4. e5 Nfd7 5. c3 c5 6. Bd3 Nc6 7. Ne2 a5 8. O-O a4
9. a3 cxd4 10. cxd4 Nb6 11. Nf3 Bd7 12. Bg5 Be7 13. h4 Na5 14. Nf4 g6 15. Nh3
h6 16. Bxe7 Qxe7 17. Rc1 Nbc4 18. Rc2 O-O-O 19. Qd2 Bc6 20. Bxc4 Nxc4 21. Qf4
Rdg8 22. Qf6 Qxf6 23. exf6 g5 24. Ne5 Nxe5 25. dxe5 gxh4 26. f3 d4 27. Rd1
1/2-1/2

[Event "TCh-FRA Top 16 GpB"]
[Site "Chalons en Champagne"]
[Date "2007.02.11"]
[Round "3"]
[White "Karr, Jean Philippe"]
[Black "Maze, Sebastien"]
[Result "1-0"]
[WhiteElo "2403"]
[BlackElo "2506"]
[PlyCount "125"]
[EventDate "2007.02.09"]
[EventType "team"]
[EventRounds "11"]
[EventCountry "FRA"]
[Source "Mark Crowther"]
[SourceDate "2007.02.19"]

1. d4 Nf6 2. c4 g6 3. Nc3 Bg7 4. e4 d6 5. Nf3 O-O 6. Be2 e5 7. O-O Na6 8. Be3
c6 9. d5 Ng4 10. Bg5 f6 11. Bh4 c5 12. a3 h5 13. Nd2 Nh6 14. f3 Nf7 15. Rb1 Bh6
16. Bf2 f5 17. b4 b6 18. Rb2 Bxd2 19. Qxd2 f4 20. Bd1 g5 21. g4 hxg4 22. fxg4
Kg7 23. Kg2 Nh8 24. Bf3 Ng6 25. Nb5 Rh8 26. h3 Nh4+ 27. Bxh4 Rxh4 28. Rh1 Qf6
29. bxc5 bxc5 30. Qa5 Qe7 31. Rhb1 Rh8 32. Nc3 Kf6 33. Qa4 Qh7 34. Rh1 Rb8 35.
Rxb8 Nxb8 36. Qa5 Ba6 37. Nb5 Bxb5 38. cxb5 Qb7 39. Be2 Nd7 40. Qe1 Rh4 41. a4
Nf8 42. Qa5 Ke7 43. Rb1 Qb6 44. Qxb6 axb6 45. a5 bxa5 46. Ra1 Nd7 47. Rxa5 Rh8
48. Ra7 Rc8 49. Bc4 Rb8 50. h4 gxh4 51. Kh3 Ke8 52. g5 Nb6 53. g6 Kf8 54. g7+
Kg8 55. Be2 Kh7 56. Bg4 Rg8 57. Bf5+ Kh6 58. Rb7 Nc4 59. b6 Nxb6 60. Rxb6 Rxg7
61. Kxh4 Rg1 62. Rxd6+ Kg7 63. Bg4 1-0

[Event "TCh-FRA Top 16 GpB"]
[Site "Chalons en Champagne"]
[Date "2007.02.11"]
[Round "3"]
[White "Salaun, Yann"]
[Black "Flear, Glenn C"]
[Result "1/2-1/2"]
[WhiteElo "2332"]
[BlackElo "2480"]
[PlyCount "86"]
[EventDate "2007.02.09"]
[EventType "team"]
[EventRounds "11"]
[EventCountry "FRA"]
[Source "Mark Crowther"]
[SourceDate "2007.02.19"]

1. d4 d5 2. c4 e6 3. Bf4 Nf6 4. e3 Bb4+ 5. Nc3 dxc4 6. Bxc4 Nd5 7. Nge2 Nxf4 8.
Nxf4 O-O 9. O-O Nc6 10. Rc1 e5 11. dxe5 Nxe5 12. Qb3 Bxc3 13. Qxc3 Nxc4 14.
Qxc4 c6 15. Rfd1 Qe7 16. Qc5 Qxc5 17. Rxc5 Re8 18. b4 Kf8 19. a3 a6 20. Kf1 Bg4
21. f3 Be6 22. Ne2 Rad8 23. Rxd8 Rxd8 24. Nd4 Bd7 25. Ke2 Ke7 26. e4 g6 27. Ke3
Rc8 28. Rc3 b6 29. f4 c5 30. bxc5 Rxc5 31. Rxc5 bxc5 32. Nf3 f6 33. g3 Kd6 34.
Kd3 Bb5+ 35. Kc3 Be2 36. Nd2 g5 37. Nc4+ Ke7 38. Ne3 gxf4 39. gxf4 Ke6 40. Kd2
Bb5 41. Kc3 Be2 42. Kd2 Bb5 43. Kc3 Be2 1/2-1/2

[Event "TCh-FRA Top 16 GpB"]
[Site "Chalons en Champagne"]
[Date "2007.02.11"]
[Round "3"]
[White "Marzolo, Cyril"]
[Black "Giffard, Nicolas"]
[Result "1/2-1/2"]
[WhiteElo "2472"]
[BlackElo "2379"]
[PlyCount "49"]
[EventDate "2007.02.09"]
[EventType "team"]
[EventRounds "11"]
[EventCountry "FRA"]
[Source "Mark Crowther"]
[SourceDate "2007.02.19"]

1. d4 d5 2. Nf3 Nf6 3. c4 e6 4. Nc3 Be7 5. Bg5 O-O 6. e3 h6 7. Bh4 b6 8. Bd3
Bb7 9. Bxf6 Bxf6 10. cxd5 exd5 11. Rc1 Re8 12. O-O c6 13. b4 Qd6 14. Qb3 Nd7
15. a4 a5 16. b5 c5 17. Bb1 cxd4 18. exd4 Nf8 19. Ba2 Rad8 20. Qc2 Ne6 21. Rfd1
g6 22. h4 h5 23. g3 Ng7 24. Kg2 Nf5 25. Ne2 1/2-1/2

[Event "TCh-FRA Top 16 GpB"]
[Site "Chalons en Champagne"]
[Date "2007.02.11"]
[Round "3"]
[White "Borne, Niels"]
[Black "Flear, Christine"]
[Result "1/2-1/2"]
[WhiteElo "2346"]
[BlackElo "2160"]
[PlyCount "88"]
[EventDate "2007.02.09"]
[EventType "team"]
[EventRounds "11"]
[EventCountry "FRA"]
[Source "Mark Crowther"]
[SourceDate "2007.02.19"]

1. d4 c5 2. d5 f5 3. g3 Nf6 4. Bg2 g6 5. Nf3 d6 6. O-O Bg7 7. a4 O-O 8. Na3 Na6
9. Nb5 h6 10. Ne1 Bd7 11. Nd3 Qe8 12. h4 Bxb5 13. axb5 Qxb5 14. Nf4 Kh7 15. Ne6
Rfc8 16. Qd2 Rh8 17. Ra3 Qd7 18. b3 Nc7 19. Nxg7 Kxg7 20. Bb2 Kf7 21. Re1 Nce8
22. Bh3 Ne4 23. Qd3 N8f6 24. h5 Ng5 25. hxg6+ Kxg6 26. Bg2 Rhe8 27. Ra4 h5 28.
Rh4 b5 29. Bc1 Nge4 30. Bh3 Ng4 31. f3 Ngf2 32. Qe3 Nxh3+ 33. Rxh3 Nf6 34. Rxh5
Rh8 35. Rh6+ Kf7 36. c4 bxc4 37. bxc4 Rag8 38. Kf2 Rxh6 39. Qxh6 Qa4 40. Qf4
Qc2 41. Rh1 a5 42. Rh6 Rg6 43. Rh4 a4 44. Qe3 Ng8 1/2-1/2

[Event "TCh-FRA Top 16 GpB"]
[Site "Chalons en Champagne"]
[Date "2007.02.11"]
[Round "3"]
[White "Vernhet, Alexia"]
[Black "Wolfangel, Florence"]
[Result "0-1"]
[WhiteElo "1771"]
[BlackElo "1963"]
[PlyCount "74"]
[EventDate "2007.02.09"]
[EventType "team"]
[EventRounds "11"]
[EventCountry "FRA"]
[Source "Mark Crowther"]
[SourceDate "2007.02.19"]

1. d4 e6 2. c4 b6 3. Nc3 Bb7 4. Nf3 f5 5. e3 Nf6 6. b3 Bb4 7. Bb2 Ne4 8. Rc1
O-O 9. Be2 d6 10. O-O Bxc3 11. Bxc3 Nd7 12. Bb2 Ndf6 13. Ne1 c5 14. Nd3 Qe7 15.
Qc2 Nd7 16. Rfd1 Qg5 17. Nf4 Qe7 18. dxc5 bxc5 19. Bf3 g5 20. Nd3 g4 21. Be2 e5
22. Rf1 Rf6 23. f4 gxf3 24. Bxf3 Rh6 25. Nf2 Qh4 26. h3 Ndf6 27. Nxe4 Nxe4 28.
Qd1 Qg5 29. Kh2 Qg3+ 30. Kh1 Rb8 31. Qe2 Kf7 32. Rcd1 Rg8 33. Qc2 Rxh3+ 34.
gxh3 Qxh3+ 35. Qh2 Nf2+ 36. Rxf2 Bxf3+ 37. Rg2 Bxg2+ 0-1

[Event "TCh-FRA Top 16 GpB"]
[Site "Metz "]
[Date "2007.02.09"]
[Round "1"]
[White "Riazantsev, Alexander"]
[Black "Chabanon, Jean Luc"]
[Result "1/2-1/2"]
[WhiteElo "2629"]
[BlackElo "2417"]
[PlyCount "111"]
[EventDate "2007.02.09"]
[EventType "team"]
[EventRounds "11"]
[EventCountry "FRA"]
[Source "Mark Crowther"]
[SourceDate "2007.02.12"]

1. d4 Nf6 2. c4 e6 3. Nf3 Bb4+ 4. Bd2 a5 5. Nc3 b6 6. e3 Bb7 7. Bd3 O-O 8. Qc2
d5 9. cxd5 exd5 10. a3 Bd6 11. Ne5 c5 12. f4 cxd4 13. exd4 Nc6 14. Be3 Rc8 15.
Qe2 Ne7 16. Qf3 Ne4 17. Nxe4 dxe4 18. Bxe4 Bxe4 19. Qxe4 Bxe5 20. dxe5 Qd5 21.
Qxd5 Nxd5 22. Bc1 f6 23. e6 f5 24. O-O Rc6 25. Re1 Re8 26. Re5 Nf6 27. Rxf5
Rexe6 28. Bd2 Rc2 29. Bc3 Ree2 30. Rg5 h6 31. Rg3 Kf7 32. Rd1 Nh5 33. Rg4 Nf6
34. Bxf6 gxf6 35. h3 h5 36. Rg3 Rxb2 37. f5 Rb5 38. Rd7+ Re7 39. Rd6 Rxf5 40.
Rxb6 Re1+ 41. Kh2 Re7 42. Rd3 Rg5 43. Rf3 Re6 44. Rb7+ Re7 45. Rb2 Re6 46. Rf4
Rd6 47. Rb7+ Kg6 48. Rb8 Rdd5 49. Rf2 Rb5 50. Rg8+ Kf7 51. Ra8 Rgf5 52. a4 Rbe5
53. Rxf5 Rxf5 54. Kg3 Kg6 55. Rg8+ Kf7 56. Ra8 1/2-1/2

[Event "TCh-FRA Top 16 GpB"]
[Site "Metz "]
[Date "2007.02.09"]
[Round "1"]
[White "Relange, Eloi"]
[Black "Svetushkin, Dmitry"]
[Result "0-1"]
[WhiteElo "2482"]
[BlackElo "2588"]
[PlyCount "132"]
[EventDate "2007.02.09"]
[EventType "team"]
[EventRounds "11"]
[EventCountry "FRA"]
[Source "Mark Crowther"]
[SourceDate "2007.02.12"]

1. d4 d5 2. a3 c6 3. Nf3 Bf5 4. Bf4 e6 5. e3 Nf6 6. c4 Be7 7. Nc3 Nbd7 8. h3
O-O 9. Rc1 a5 10. Be2 Ne4 11. O-O Nxc3 12. Rxc3 a4 13. Ne5 Nf6 14. b4 axb3 15.
Rxb3 Ra7 16. c5 Ne4 17. f3 Ng5 18. Qd2 f6 19. Nd3 Nf7 20. Qb2 Qd7 21. Rb1 Nd8
22. Qc3 e5 23. Bg3 exd4 24. exd4 Re8 25. Bf1 Bf8 26. Re1 Rxe1 27. Qxe1 Ra4 28.
Nb4 Ne6 29. Bf2 Bg6 30. Qd2 Be7 31. Qb2 Bd8 32. Nd3 Ra7 33. Bg3 Qc8 34. Nf4 Bc7
35. Nxg6 hxg6 36. Bf2 Kf7 37. Qb1 Qb8 38. Bd3 Nf8 39. Qe1 Qc8 40. Bf1 Qd7 41.
g3 g5 42. Qb1 Bd8 43. Bd3 g6 44. Kg2 f5 45. g4 fxg4 46. hxg4 Qc8 47. Bc2 Bf6
48. Qd1 Ne6 49. Be3 Kg7 50. a4 Qc7 51. Rb4 Qf7 52. Qb1 Bd8 53. Bd3 Kf6 54. Bc2
Bc7 55. Qh1 Qg7 56. Kf2 Ba5 57. Rb1 Ra8 58. f4 gxf4 59. g5+ Ke7 60. Rxb7+ Bc7
61. Bd2 Qxd4+ 62. Ke1 Rh8 63. Qg2 Kd8 64. Bxg6 f3 65. Qxf3 Qg1+ 66. Qf1 Bg3+
0-1

[Event "TCh-FRA Top 16 GpB"]
[Site "Metz "]
[Date "2007.02.09"]
[Round "1"]
[White "Koch, Jean Rene"]
[Black "Marcelin, Cyril"]
[Result "0-1"]
[WhiteElo "2452"]
[BlackElo "2494"]
[PlyCount "94"]
[EventDate "2007.02.09"]
[EventType "team"]
[EventRounds "11"]
[EventCountry "FRA"]
[Source "Mark Crowther"]
[SourceDate "2007.02.12"]

1. e4 e5 2. f4 Bc5 3. Nf3 d6 4. Nc3 Nf6 5. Bc4 Nc6 6. d3 Bg4 7. Bb5 Nd7 8. Bxc6
bxc6 9. h3 Bxf3 10. Qxf3 Rb8 11. Na4 exf4 12. Nxc5 Nxc5 13. Qxf4 Ne6 14. Qf2 c5
15. O-O O-O 16. b3 Qd7 17. Bb2 f6 18. Rae1 Rf7 19. Qg3 Rbf8 20. Rf2 Nd4 21. c3
Nc6 22. d4 cxd4 23. cxd4 d5 24. e5 fxe5 25. Rxf7 Rxf7 26. dxe5 Qe6 27. Qe3 Rd7
28. Rd1 h6 29. Kh1 a6 30. Rd2 Ne7 31. Kh2 Nc6 32. Kh1 Ne7 33. b4 Nf5 34. Qb3 c6
35. Qd3 d4 36. Rf2 g6 37. Qxa6 Rf7 38. Kg1 Qxe5 39. Qd3 h5 40. g4 hxg4 41. hxg4
Ne3 42. Qe2 Qg3+ 43. Rg2 Qxg2+ 44. Qxg2 Nxg2 45. Kxg2 d3 46. Bc3 Rf4 47. Bd2
Re4 0-1

[Event "TCh-FRA Top 16 GpB"]
[Site "Metz "]
[Date "2007.02.09"]
[Round "1"]
[White "Gitzinger, Gregory"]
[Black "Bergez, Luc"]
[Result "1/2-1/2"]
[WhiteElo "2213"]
[BlackElo "2402"]
[PlyCount "84"]
[EventDate "2007.02.09"]
[EventType "team"]
[EventRounds "11"]
[EventCountry "FRA"]
[Source "Mark Crowther"]
[SourceDate "2007.02.12"]

1. e4 d5 2. exd5 Nf6 3. d4 Nxd5 4. c4 Nb6 5. Nc3 e5 6. dxe5 Qxd1+ 7. Kxd1 Nc6
8. Nd5 Nxd5 9. cxd5 Nxe5 10. Bf4 Bd6 11. Nf3 Nxf3 12. Bxd6 cxd6 13. gxf3 Kd8
14. Bd3 b6 15. Kd2 Bb7 16. Bc4 Re8 17. Rhe1 Re5 18. Rxe5 dxe5 19. Re1 f6 20. f4
Rc8 21. Kd3 exf4 22. Re4 f3 23. Re3 b5 24. Bb3 a5 25. a4 Ba6 26. axb5 Bxb5+ 27.
Kd2 Be2 28. Ba4 Rc5 29. Bc6 Bb5 30. Re8+ Kc7 31. Re7+ Kb6 32. Rb7+ Ka6 33. Rxg7
Bxc6 34. dxc6 Re5 35. Rxh7 Re2+ 36. Kc3 Rxf2 37. Rh6 Rf1 38. Rxf6 Kb6 39. h4 a4
40. h5 f2 41. Kc2 a3 42. Kb3 axb2 1/2-1/2

[Event "TCh-FRA Top 16 GpB"]
[Site "Metz "]
[Date "2007.02.09"]
[Round "1"]
[White "Feller, Sebastien"]
[Black "Taddei, Benoit"]
[Result "1-0"]
[WhiteElo "2431"]
[BlackElo "2273"]
[PlyCount "219"]
[EventDate "2007.02.09"]
[EventType "team"]
[EventRounds "11"]
[EventCountry "FRA"]
[Source "Mark Crowther"]
[SourceDate "2007.02.12"]

1. Nf3 d6 2. d4 g6 3. e4 Bg7 4. c4 Nd7 5. Nc3 e5 6. Be2 c6 7. O-O Nh6 8. Be3
O-O 9. h3 f6 10. dxe5 dxe5 11. c5 Nf7 12. Bc4 Kh8 13. b4 Qe7 14. Qb3 Nd8 15.
Rad1 Re8 16. Rd6 Nf8 17. Rfd1 Be6 18. Bxe6 Ndxe6 19. b5 f5 20. bxc6 bxc6 21.
Rxc6 f4 22. Nd5 Qd7 23. Rd6 Qc8 24. Bc1 Nxc5 25. Qc4 Nce6 26. Rc6 Qb7 27. Ba3
Rac8 28. Rc1 Rxc6 29. Qxc6 Qxc6 30. Rxc6 Kg8 31. Bxf8 Kxf8 32. Nc7 Nxc7 33.
Rxc7 Re7 34. Rc8+ Re8 35. Rc6 Re7 36. h4 Rb7 37. Ng5 Bh6 38. Rc8+ Kg7 39. Nf3
Re7 40. h5 Kf6 41. hxg6 hxg6 42. Kh2 Re6 43. Rc5 Bf8 44. Ra5 a6 45. Kh3 Bb4 46.
Rd5 Bc3 47. Kg4 Bb4 48. Rd7 Re7 49. Rd8 Bc5 50. Rc8 Bxf2 51. Rc6+ Re6 52. Rxe6+
Kxe6 53. Kg5 Bd4 54. Kxg6 Bc3 55. Ng5+ Ke7 56. Kf5 a5 57. Ne6 Kd6 58. Nd8 Ke7
59. Nb7 a4 60. Nc5 a3 61. Nb3 Kf7 62. Kg4 Kf6 63. Nc5 Bd4 64. Nb7 Kg6 65. Nd6
Bb2 66. Nc4 Kf6 67. Kh5 Bc1 68. Nd6 Bb2 69. Nb5 Bc1 70. Nc7 Bb2 71. Nd5+ Ke6
72. Kg6 Bc1 73. Nb4 Bb2 74. Nc6 Kd6 75. Nd8 Ke7 76. Nf7 Ke6 77. Ng5+ Ke7 78.
Kf5 Bc3 79. Nf3 Kd6 80. Kf6 Bb2 81. Ng5 Kc5 82. Kf5 Kd4 83. Nf3+ Kd3 84. Nxe5+
Bxe5 85. Kxe5 Kc3 86. Kxf4 Kb2 87. e5 Kxa2 88. e6 Kb3 89. e7 a2 90. e8=Q a1=Q
91. Qb5+ Kc2 92. g4 Qd4+ 93. Kf3 Qc3+ 94. Ke4 Qe1+ 95. Kf5 Qf2+ 96. Kg6 Qg3 97.
Qc6+ Kd1 98. Qd5+ Ke1 99. g5 Qg4 100. Kg7 Qc8 101. g6 Qc7+ 102. Kf6 Qf4+ 103.
Qf5 Qh4+ 104. Kf7 Kd1 105. g7 Qc4+ 106. Kg6 Qc6+ 107. Kh5 Qe8+ 108. Kg4 Qa4+
109. Kg3 Qe8 110. Qd5+ 1-0

[Event "TCh-FRA Top 16 GpB"]
[Site "Metz "]
[Date "2007.02.09"]
[Round "1"]
[White "Pucher, Sebastien"]
[Black "Brochet, Philippe"]
[Result "1/2-1/2"]
[WhiteElo "2254"]
[BlackElo "2388"]
[PlyCount "102"]
[EventDate "2007.02.09"]
[EventType "team"]
[EventRounds "11"]
[EventCountry "FRA"]
[Source "Mark Crowther"]
[SourceDate "2007.02.12"]

1. e4 e5 2. Bc4 Nf6 3. d3 c6 4. Nf3 d5 5. Bb3 Bb4+ 6. c3 Bd6 7. Nbd2 O-O 8. O-O
Nbd7 9. Re1 dxe4 10. dxe4 Bc7 11. Qe2 Nc5 12. Bc2 b6 13. b4 Ba6 14. Nc4 Ne6 15.
Bd3 b5 16. Ncxe5 Bb7 17. Be3 Re8 18. Bc2 Qb8 19. Bd4 Nf4 20. Qd2 N6h5 21. Nd3
Qc8 22. Nfe5 Bxe5 23. Nxe5 Qd8 24. Nf3 Qd7 25. Re3 Re6 26. Ne1 c5 27. bxc5 Rg6
28. Rf3 Qg4 29. g3 Nh3+ 30. Kf1 Ng5 31. Re3 Qh3+ 32. Kg1 f5 33. exf5 Rh6 34. f4
Nf7 35. Qf2 Rd8 36. Nf3 Qg4 37. Ne5 Nxe5 38. fxe5 b4 39. e6 bxc3 40. Bxc3 Kh8
41. e7 Re8 42. Bd1 Qh3 43. Bf3 Bxf3 44. Qxf3 Nf6 45. Re2 Ng4 46. Qf1 Qh5 47. h4
Rc6 48. Bd4 Nh6 49. Re4 Nxf5 50. Rf4 Nxe7 51. Re1 Ng8 1/2-1/2

[Event "TCh-FRA Top 16 GpB"]
[Site "Metz "]
[Date "2007.02.09"]
[Round "1"]
[White "Leroy, Didier"]
[Black "Leclair, Marie"]
[Result "1-0"]
[WhiteElo "2316"]
[BlackElo "2024"]
[PlyCount "59"]
[EventDate "2007.02.09"]
[EventType "team"]
[EventRounds "11"]
[EventCountry "FRA"]
[Source "Mark Crowther"]
[SourceDate "2007.02.12"]

1. d4 d5 2. c4 e6 3. Nf3 c5 4. cxd5 exd5 5. g3 Nc6 6. Bg2 Nf6 7. O-O cxd4 8.
Nxd4 Bc5 9. Nxc6 bxc6 10. Qc2 Qb6 11. Nc3 Ng4 12. e3 Be7 13. Na4 Qb5 14. b3 Nf6
15. Bb2 O-O 16. Rac1 Bd7 17. Rfd1 Rac8 18. Qc3 Bb4 19. Qc2 Be7 20. h3 c5 21.
Bxf6 Bxf6 22. Rxd5 Be7 23. Nc3 Qc6 24. Rcd1 Be8 25. Re5 Qf6 26. f4 Bd8 27. Ne4
Qg6 28. Qc4 Bb6 29. Rd6 Qxd6 30. Nxd6 1-0

[Event "TCh-FRA Top 16 GpB"]
[Site "Metz "]
[Date "2007.02.09"]
[Round "1"]
[White "Rozentalis, Eduardas"]
[Black "Sokolov, Andrei"]
[Result "1/2-1/2"]
[WhiteElo "2582"]
[BlackElo "2585"]
[PlyCount "59"]
[EventDate "2007.02.09"]
[EventType "team"]
[EventRounds "11"]
[EventCountry "FRA"]
[Source "Mark Crowther"]
[SourceDate "2007.02.12"]

1. e4 c5 2. Nf3 e6 3. c3 d5 4. exd5 Qxd5 5. d4 Nf6 6. Be3 cxd4 7. cxd4 Nc6 8.
Nc3 Qd6 9. a3 Be7 10. Bd3 O-O 11. Qc2 h6 12. O-O b6 13. Qd2 Nd5 14. Rfe1 Nxe3
15. Qxe3 Bb7 16. Rad1 Rad8 17. d5 exd5 18. Nxd5 Bf6 19. b4 Kh8 20. Bc4 Nd4 21.
Nxd4 Bxd5 22. Nb5 Qc6 23. Bxd5 Qxb5 24. Qb3 Qd7 25. b5 Qf5 26. g3 g6 27. Kg2
Kg7 28. Re3 Rd6 29. Be4 Qc5 30. Rxd6 1/2-1/2

[Event "TCh-FRA Top 16 GpB"]
[Site "Metz "]
[Date "2007.02.09"]
[Round "1"]
[White "Roos, Daniel"]
[Black "Sakaev, Konstantin"]
[Result "1/2-1/2"]
[WhiteElo "2410"]
[BlackElo "2641"]
[PlyCount "86"]
[EventDate "2007.02.09"]
[EventType "team"]
[EventRounds "11"]
[EventCountry "FRA"]
[Source "Mark Crowther"]
[SourceDate "2007.02.12"]

1. Nf3 c5 2. g3 b6 3. Bg2 Bb7 4. O-O g6 5. d3 Bg7 6. e4 d6 7. Nbd2 Nf6 8. Rb1
Nc6 9. a3 O-O 10. Re1 Nd7 11. Nf1 Nde5 12. Nxe5 Nxe5 13. Bd2 Rc8 14. Bc3 b5 15.
Qd2 Qb6 16. Ne3 e6 17. h3 Nc6 18. Bxg7 Kxg7 19. Kh2 a5 20. c3 Ba6 21. Rbd1 b4
22. axb4 cxb4 23. d4 Ne7 24. cxb4 Qxb4 25. Qxb4 axb4 26. f4 Rc7 27. Rd2 Rb8 28.
Kg1 Bb7 29. Kf2 h5 30. Bf3 Ra8 31. g4 hxg4 32. hxg4 Ra2 33. e5 dxe5 34. dxe5
Bxf3 35. Kxf3 Rc5 36. g5 Nd5 37. Nxd5 Rxd5 38. Rxd5 exd5 39. Re2 b3 40. Ke3 Kf8
41. Kd4 Ra4+ 42. Kxd5 Rxf4 43. Re3 Rg4 1/2-1/2

[Event "TCh-FRA Top 16 GpB"]
[Site "Metz "]
[Date "2007.02.09"]
[Round "1"]
[White "Reinhart, Emmanuel"]
[Black "Wirig, Anthony"]
[Result "0-1"]
[WhiteElo "2283"]
[BlackElo "2433"]
[PlyCount "58"]
[EventDate "2007.02.09"]
[EventType "team"]
[EventRounds "11"]
[EventCountry "FRA"]
[Source "Mark Crowther"]
[SourceDate "2007.02.12"]

1. e4 c5 2. Nf3 e6 3. d4 cxd4 4. Nxd4 a6 5. Nc3 Qc7 6. Be3 Bb4 7. Nde2 Nf6 8.
a3 Be7 9. Qd2 Nc6 10. Bf4 d6 11. O-O-O Ne5 12. Nd4 O-O 13. Be2 b5 14. g4 Bb7
15. Qe3 Rac8 16. g5 Nfd7 17. h4 Nb6 18. Qh3 Nbc4 19. h5 Nxa3 20. g6 h6 21.
gxf7+ Rxf7 22. Nxe6 Qa5 23. Bd3 Nac4 24. Bxc4 Nxc4 25. Nb1 Qa2 26. Qb3 Qxb3 27.
cxb3 Ne3+ 28. Nc3 Nxd1 29. Kxd1 Rf6 0-1

[Event "TCh-FRA Top 16 GpB"]
[Site "Metz "]
[Date "2007.02.09"]
[Round "1"]
[White "Riff, Jean Noel"]
[Black "Roos, Jean Luc"]
[Result "0-1"]
[WhiteElo "2469"]
[BlackElo "2286"]
[PlyCount "58"]
[EventDate "2007.02.09"]
[EventType "team"]
[EventRounds "11"]
[EventCountry "FRA"]
[Source "Mark Crowther"]
[SourceDate "2007.02.12"]

1. e4 e6 2. d4 d5 3. Nd2 c5 4. exd5 Qxd5 5. Ngf3 cxd4 6. Bc4 Qd6 7. O-O Nf6 8.
Nb3 Nc6 9. Nbxd4 Nxd4 10. Nxd4 a6 11. Be2 Qc7 12. c3 Bd6 13. h3 O-O 14. Qc2 Rd8
15. Rd1 h6 16. Bf3 Bd7 17. Be3 Rab8 18. a4 Bh2+ 19. Kh1 Bf4 20. Qd2 Bxe3 21.
Qxe3 Be8 22. a5 e5 23. Nf5 Rxd1+ 24. Rxd1 Ba4 25. Rd6 Bc2 26. Nxh6+ Kf8 27. Qd2
e4 28. Bg4 e3 29. Qd4 Nxg4 0-1

[Event "TCh-FRA Top 16 GpB"]
[Site "Metz "]
[Date "2007.02.09"]
[Round "1"]
[White "Roos, Louis"]
[Black "Bricard, Emmanuel"]
[Result "1/2-1/2"]
[WhiteElo "2343"]
[BlackElo "2467"]
[PlyCount "144"]
[EventDate "2007.02.09"]
[EventType "team"]
[EventRounds "11"]
[EventCountry "FRA"]
[Source "Mark Crowther"]
[SourceDate "2007.02.12"]

1. e4 c5 2. Nc3 Nc6 3. g3 g6 4. Bg2 Bg7 5. d3 d6 6. f4 e6 7. Nf3 Nge7 8. O-O
O-O 9. Be3 b6 10. Rb1 d5 11. Bf2 d4 12. Ne2 e5 13. a3 f6 14. c3 Be6 15. fxe5
fxe5 16. Ng5 Qd7 17. Nxe6 Qxe6 18. b4 Rad8 19. bxc5 bxc5 20. cxd4 cxd4 21. Qb3
Qxb3 22. Rxb3 Bh6 23. Be1 Be3+ 24. Kh1 g5 25. g4 Ng6 26. Ng3 Nf4 27. Bf3 Rb8
28. Bd1 Kf7 29. Nf5 Ke6 30. Bf2 Bd2 31. Bg3 Na5 32. Bxf4 Bxf4 33. Rxb8 Rxb8 34.
Kg2 Rb2+ 35. Rf2 Rb1 36. Bc2 Ra1 37. a4 Kd7 38. h4 Be3 39. Re2 Nc6 40. Bb3 gxh4
41. Nxe3 dxe3 42. Rxe3 Nd4 43. Bc4 Ne6 44. Bxe6+ Kxe6 45. Rh3 Rxa4 46. Rxh4 Ra3
47. Rh6+ Kf7 48. Rxh7+ Kf6 49. Rd7 a5 50. Rd6+ Ke7 51. Rd5 Ke6 52. Kg3 a4 53.
Kh4 Rb3 54. Kg5 Rb8 55. Ra5 Rg8+ 56. Kh4 Rh8+ 57. Kg3 Rd8 58. Rxa4 Rxd3+ 59.
Kh4 Rf3 60. Kh5 Rf4 61. g5 Kf7 62. Rb4 Kg7 63. Rb7+ Kf8 64. Rb8+ Kg7 65. Rb4
Kf7 66. Ra4 Kg7 67. Ra7+ Kf8 68. Kg6 Rxe4 69. Ra8+ Ke7 70. Kf5 Rf4+ 71. Kxe5
Rf1 72. g6 Rg1 1/2-1/2

[Event "TCh-FRA Top 16 GpB"]
[Site "Metz "]
[Date "2007.02.09"]
[Round "1"]
[White "Muller, Anne"]
[Black "Roos, Louise"]
[Result "1-0"]
[WhiteElo "2188"]
[BlackElo "1956"]
[PlyCount "41"]
[EventDate "2007.02.09"]
[EventType "team"]
[EventRounds "11"]
[EventCountry "FRA"]
[Source "Mark Crowther"]
[SourceDate "2007.02.12"]

1. e4 c5 2. Nf3 d6 3. d4 cxd4 4. Nxd4 Nf6 5. Nc3 Nc6 6. Nb3 e6 7. Be2 Be7 8.
O-O O-O 9. Be3 a6 10. a4 Na5 11. Nxa5 Qxa5 12. f4 Rd8 13. Qe1 Qb4 14. Bd3 Bd7
15. Kh1 Bc6 16. Bd2 Qxb2 17. Rb1 Qa3 18. Be3 d5 19. Rb3 d4 20. Rxa3 Bxa3 21.
Nb1 1-0

[Event "TCh-FRA Top 16 GpB"]
[Site "Metz "]
[Date "2007.02.10"]
[Round "2"]
[White "Marcelin, Cyril"]
[Black "Wirig, Anthony"]
[Result "0-1"]
[WhiteElo "2494"]
[BlackElo "2433"]
[PlyCount "50"]
[EventDate "2007.02.09"]
[EventType "team"]
[EventRounds "11"]
[EventCountry "FRA"]
[Source "Mark Crowther"]
[SourceDate "2007.02.12"]

1. d4 d5 2. c4 c6 3. Nc3 Nf6 4. e3 a6 5. Nf3 b5 6. c5 g6 7. Ne5 Bg7 8. Be2 O-O
9. O-O Nfd7 10. f4 Nxe5 11. fxe5 f6 12. exf6 exf6 13. e4 b4 14. Na4 dxe4 15.
Nb6 Ra7 16. Qb3+ Kh8 17. Nxc8 Qxc8 18. Qxb4 f5 19. Be3 Nd7 20. d5 Ne5 21. d6
Rb7 22. Qa4 Rxb2 23. Bxa6 Qe6 24. Bd4 Rd2 25. Rad1 Rxa2 0-1